|
|
|
|
| LEADER |
00999nam a2200229 i 4500 |
| 001 |
10094932 |
| 003 |
GR-PaULI |
| 005 |
20220923155355.0 |
| 008 |
111007s1975 gr g 0 1 gre d |
| 952 |
|
|
|0 0
|1 0
|2 ddc
|4 0
|6 823_912000000000000_09_POU
|7 0
|9 364577
|a LISP
|b LISP
|c DON
|d 2022-09-23
|e ΠΑΤ
|i 147361
|l 0
|o 823.912 09 POU
|p 025000273795
|r 2022-09-23 00:00:00
|t 1
|v 2022.00
|w 2022-09-23
|y BKN
|
| 999 |
|
|
|c 213100
|d 213100
|
| 040 |
|
|
|a GR-PaULI
|b gre
|c GR-PaULI
|e AARC2
|
| 082 |
0 |
4 |
|a 823.912 09
|2 23
|
| 100 |
1 |
|
|9 2947
|a Pound, Ezra,
|d 1885-1972
|e συγγραφέας.
|
| 245 |
1 |
0 |
|a 6 δοκίμια για τον Τζόυς :
|b 3 του Έζρα Πάουντ, 3 του Χάρυ Λέβιν.
|c
|
| 260 |
|
|
|a Αθήναι :
|b Παϊρίδης,
|c 1975.
|
| 300 |
|
|
|a 113 σ. ;
|b
|c 22 εκ.
|e
|
| 504 |
|
|
|a
|
| 600 |
1 |
4 |
|9 81642
|a Joyce, James,
|d 1882-1941
|x Ερμηνεία και κριτική.
|
| 700 |
1 |
|
|9 194029
|a Levin, Harry,
|d 1912-1994
|e συγγραφέας.
|
| 942 |
|
|
|2 ddc
|c BKN
|
| 998 |
|
|
|c ΜΠΟΥΡΑΣ
|d 2022-09
|